| 000 | 00554nam a2200181Ia 4500 | ||
|---|---|---|---|
| 005 | 20250508160208.0 | ||
| 008 | 008 250505s9999 xx 000 0 eng d | ||
| 037 | _aTextual | ||
| 040 |
_aFEDL _beng _cFEDL |
||
| 041 |
_aeng _2eng |
||
| 084 |
_a313.37, BUR _qFEDL |
||
| 245 | 0 | _aStatistics of city school systems 1919-20 | |
| 245 | 0 | _cDepartment of the Interior Bureau of Education | |
| 260 |
_aWashington, USA _bU.S. Government Printing Office _c1922 |
||
| 300 | _a173p. | ||
| 942 |
_cTEXL _h313.37, BUR |
||
| 999 |
_c1362574 _d1362574 |
||